Major diseases affecting rubber and its control measures adopted by small growers of Tellicherry Taluk (Record no. 52408)

MARC details
000 -LEADER
fixed length control field 00473nam a2200121Ia 4500
100 ## - MAIN ENTRY--AUTHOR NAME
Personal name Gangadharan O.P.
245 #0 - TITLE STATEMENT
Title Major diseases affecting rubber and its control measures adopted by small growers of Tellicherry Taluk
260 ## - PUBLICATION, DISTRIBUTION, ETC. (IMPRINT)
Name of publisher Dissertation, PG Diploma in Natural Rubber Production, Kerala Agricultural University, Trichur, India, 62 p.
Year of publication 1992
650 ## - SUBJECT ADDED ENTRY--TOPICAL TERM
Topical Term Disease control
650 ## - SUBJECT ADDED ENTRY--TOPICAL TERM
Topical Term Rubber disease
942 ## - ADDED ENTRY ELEMENTS (KOHA)
Koha item type Bibliography STAF
Holdings
Withdrawn status Lost status Damaged status Not for loan Home library Current library Date acquired Koha item type
      Bibliography RRII Library RRII Library 09/04/2014 Bibliography STAF